|
|
|
|
| LEADER |
00949nam a2200301 4500 |
| 001 |
DLU090079097 |
| 005 |
##20090608 |
| 040 |
# |
# |
|a DLU
|b eng
|
| 041 |
# |
# |
|a eng
|
| 044 |
# |
# |
|a JP
|
| 245 |
# |
# |
|a Non-commutative valuation rings of K over a division ring K /
|c Shigeru Kobayashi, Hiroaki Komatsu, Hidetoshi Marubayashi, Guangming Xie.
|
| 653 |
# |
# |
|a Division ring
|
| 653 |
# |
# |
|a Ore extension
|
| 653 |
# |
# |
|a Valuation ring
|
| 700 |
# |
# |
|a Kobayashi, Shigeru.
|
| 700 |
# |
# |
|a Komatsu, Hiroaki.
|
| 700 |
# |
# |
|a Marubayashi, Hidetoshi.
|
| 700 |
# |
# |
|a Xie, Guangming.
|
| 773 |
# |
# |
|t Journal of the Mathematical Society of Japan
|g Vol. 56, no. 3 (July 2004), p. 737-752
|
| 920 |
# |
# |
|a Phòng Tạp chí -- Trung tâm Thông tin - Thư viện Trường Đại học Đà Lạt
|
| 994 |
# |
# |
|a DLU
|
| 900 |
# |
# |
|a True
|
| 911 |
# |
# |
|a Trương Bảo Trâm Anh
|
| 925 |
# |
# |
|a G
|
| 926 |
# |
# |
|a A
|
| 927 |
# |
# |
|a BB
|
| 980 |
# |
# |
|a Thư viện Trường Đại học Đà Lạt
|